000 00670 a2200193 4500
010 _aENG-89284
020 _a8122007309
_c400.00
035 _aEN-72817
037 _bDBAD / PUB
082 1 4 _a351.726
090 _c10697
_d10697
100 1 _aPande, A.K.
245 1 _aGrit that defied odds:
_breflections of a revenue officer/
_cby A.K. Pande
260 _aDelhi
_bKonark Publishers
_c2008
270 _aA-149, Main Vikas Marg,
_bDelhi
_cDelhi
_e110092
_mkonarkpublishers@hotmail.com
300 _axiv, 197 p.
_c22 cm ( Hb.)
942 _adpl
_cEN
_k351.726 / PAN
999 _c10402
_d10402